Statistiques concernant Quizz Littérature - Série 04

Cliquez ici pour prendre le quiz!

Statistiques générales

  • Ce quiz a été pris 452 fois
  • Le résultat moyen est 8 sur 10

Statistiques - réponses

QuestionRéponse% Correct
Qui a écrit "Gargantua et Pantagruel" ?François Rabelais
97%
Qui a écrit "Le seigneur des anneaux" ?J. R. R. Tolkien
96%
Qui a écrit "Guerre et paix" ?Léon Tolstoï
95%
Qui a écrit "Le portrait de Dorian Gray" ?Oscar Wilde
92%
Qui a écrit "La métamorphose" ?Franz Kafka
90%
Qui a écrit "J'irai cracher sur vos tombes" ?Boris Vian
89%
Qui a écrit "Des souris et des hommes" ?John Steinbeck
86%
Qui a écrit "Les faux monnayeurs" ?André Gide
72%
Qui a écrit "Le Hussard sur le toit" ?Jean Giono
71%
Qui a écrit "La faute de l'abbé Mouret" ?Emile Zola
52%

Distribution des résultats

Percentile par nombre de réponses

% des personnes avec chaque résultat

Votre développement - résultats

Vous n’avez pas pris ce quiz